Statistics for 4 Letter U.S. Counties - Any A-Z

Click here to take the quiz!

General Stats

  • This quiz has been taken 33 times
  • The average score is 9 of 24

Answer Stats

Possible Answers County % Correct
PPage / Park / Pike / Pima / Pine / Pitt / Polk / PopePage
69%
CCamp / Cass / Clay / Coal / Cobb / Coke / Cole / Cook / CoosCamp
62%
DDade / Dale / Dane / Dare / Dent / Door / Drew / Dunn / DyerDade
58%
HHale / Hall / Hand / Hart / Hays / Hill / Hoke / Holt / Hood / Hunt / HydeHale
58%
LLake / Lamb / Lane / Leon / Levy / Linn / Long / Loup / Love / Luce / Luna / Lynn / LyonLake
54%
OOgle / Ohio / Otoe / OwenOgle
54%
KKane / Kent / Kern / Kern / Kerr / King / KnoxKane
46%
IInyo / Iowa / IronInyo
46%
WWake / Ward / Ware / Webb / Weld / Will / Winn / Wirt / Wise / WoodWake
42%
UUtahUtah
42%
RReal / Reno / Rhea / Rice / Rich / Rock / Ross / Rush / RuskReal
38%
YYell / Yolo / York / Yuba / YumaYell
35%
GGage / Gila / Gove / Gray / GulfGage
35%
QQuayQuay
31%
NNapa / Nash / Ness / NomeNapa
27%
JJack / JuabJack
27%
FFord / FrioFord
27%
TTama / Taos / Tate / Tift / ToddTama
27%
BBaca / Bath / Bell / Bent / Bibb / Bond / Boyd / BurtBaca
23%
EEddy / Elko / ErieEddy
23%
MMaui / Mesa / Mono / MoraMaui
15%
AAsheAshe
12%
SSaukSauk
4%
VVigoVigo
0%

Score Distribution

Percentile by Number Answered

Percent of People with Each Score

Your Score History

You have not taken this quiz